Cybercrime : (Record no. 188910)

000 -LEADER
fixed length control field 01233 a2200253 4500
003 - CONTROL NUMBER IDENTIFIER
control field Nust
005 - DATE AND TIME OF LATEST TRANSACTION
control field 20170207153552.0
010 ## - LIBRARY OF CONGRESS CONTROL NUMBER
LC control number 2005036294
020 ## - INTERNATIONAL STANDARD BOOK NUMBER
International Standard Book Number 159460150X (pbk. : alk. paper)
020 ## - INTERNATIONAL STANDARD BOOK NUMBER
International Standard Book Number 9781594601507
035 ## - SYSTEM CONTROL NUMBER
System control number (OCoLC)ocm63107947
040 ## - CATALOGING SOURCE
Transcribing agency Nust
082 00 - DEWEY DECIMAL CLASSIFICATION NUMBER
Classification number 345.73
245 00 - TITLE STATEMENT
Title Cybercrime :
Remainder of title the investigation, prosecution and defense of a computer-related crime /
Statement of responsibility, etc. edited by Ralph D. Clifford.
250 ## - EDITION STATEMENT
Edition statement 2nd ed.
260 ## - PUBLICATION, DISTRIBUTION, ETC.
Place of publication, distribution, etc. Durham, N.C. :
Name of publisher, distributor, etc. Carolina Academic Press,
Date of publication, distribution, etc. c2006.
300 ## - PHYSICAL DESCRIPTION
Extent xii, 282 p. ;
Dimensions 23 cm.
505 0# - FORMATTED CONTENTS NOTE
Formatted contents note Introduction / Ralph D. Clifford -- Defining cybercrime : a review of state and federal law / Susan W. Brenner -- The investigation and prosecution of a cybercrime / Ivan Orton -- Defending cybercrime cases : selected statutes and defenses / Joseph F. Savage, Jr. with Darlene D. Moreau and Dianna Lamb -- International cybercrime : recent developments in the law / Miriam F. Miquelon Weismann.
650 #0 - SUBJECT ADDED ENTRY--TOPICAL TERM
Topical term or geographic name entry element Computer crimes
Geographic subdivision United States.
650 #0 - SUBJECT ADDED ENTRY--TOPICAL TERM
Topical term or geographic name entry element Computers
General subdivision Law and legislation
Geographic subdivision United States.
650 #0 - SUBJECT ADDED ENTRY--TOPICAL TERM
Topical term or geographic name entry element Transnational crime.
700 1# - ADDED ENTRY--PERSONAL NAME
Personal name Clifford, Ralph D.,
Dates associated with a name 1954-
856 41 - ELECTRONIC LOCATION AND ACCESS
Materials specified Table of contents
Uniform Resource Identifier <a href="http://www.loc.gov/catdir/toc/ecip065/2005036294.html">http://www.loc.gov/catdir/toc/ecip065/2005036294.html</a>
942 ## - ADDED ENTRY ELEMENTS (KOHA)
Source of classification or shelving scheme
Koha item type Book
Holdings
Withdrawn status Lost status Source of classification or shelving scheme Damaged status Not for loan Permanent Location Current Location Date acquired Full call number Barcode Date last seen Price effective from Koha item type
          Military College of Signals (MCS) Military College of Signals (MCS) 12/12/2016 345.73 CYB MCS34753 12/08/2016 12/12/2016 Book
© 2023 Central Library, National University of Sciences and Technology. All Rights Reserved.